02331cam a2200385 a 4500999001500000001001000015003000600025005001700031008004100048010001500089020001800104020001500122035002100137040007100158042000800229050002500237082001500262090002000277100003500297245005600332260004300388300002300431336002600454337002800480338002700508490002300535504005000558505105100608630004201659630004601701700004201747830003001789942001301819952011301832 c9677d9677799024812OCoLC20241126110716.0120711s2013 ilu b 001 0 eng  a2012023659 a9781433505751 a1433505754 a(OCoLC)799024812 aDLCbengcDLCdYDXCPdBDXdHNWdABFdOCLCFdOCLCAdBMSdOCLCQdMZN apcc00aBS2685.53b.W55 2013 a220.7bPRE aBS2341.52b.P741 aWilson, Todd A.,d1976-91682010aGalatians :bgospel-rooted living /cTodd A. Wilson aWheaton, Ill. :bCrossway,c℗♭2013 a276 pages ;c24 cm atextbtxt2rdacontent aunmediatedbn2rdamedia avolumebnc2rdacarrier1 aPreaching the Word aIncludes bibliographical references and index0 aGo Back to Grace (1:1-5) -- Apostolic Astonishment! (1:6-9) -- People-Pleaser or Servant of Christ? (1:10) -- You are Your Best Argument (1:11-24) -- Seeing Grace (2:1-10) -- Remember the Poor (2:10) -- Staying in Step with the Truth of the Gospel (2:11-14) -- The Truth of the Gospel (2:15, 16) -- Cruciformity: the Shape of Gospel-Rooted Living (2:17-21) -- There's Only One Way to Finish (3:1-5) -- Abraham's Blessing (3:6-9) -- Clearing the Way for God's Blessing (3:10-14) -- Why Then the Law? (3:15-22) -- Heirs According to Promise (3:23-29) -- Adoption as Sons (4:1-7) -- Turning Back Isn't the Way Forward (4:8-11) -- Imitation Is the Solution, Part 1 (4:12) -- Imitation Is the Solution, Part 2 (4:12-20) -- Children of the Free Woman (4:21-31) -- What Ultimately Counts? (5:1-6) -- Free to Run (5:7-12) -- Through Love Serve One Another (5:13-15) -- The Sufficiency of the Spirit (5:16-26) -- Burden Bearing, Part 1: Spiritual Restoration (6:1-5) -- Burden Bearing, Part 2: Pay Your Pastor (6:6-10) -- Boast Only in the Cross (6:11-18)00aBible.pGalatiansvCommentaries9974600aBible.pGalatiansxHomiletical use9168211 aHughes, R. Kent,d1942-,eeditor9917 0aPreaching the word916818 2ddccREF 00102ddc4070aGBCbGBCcCOMd2023-04-19l0o220.7 PREp016237r2025-05-01 00:00:00tv.27w2023-04-19yREF